<?xml version="1.0" encoding="UTF-8"?>
<record
    xmlns:xsi="http://www.w3.org/2001/XMLSchema-instance"
    xsi:schemaLocation="http://www.loc.gov/MARC21/slim http://www.loc.gov/standards/marcxml/schema/MARC21slim.xsd"
    xmlns="http://www.loc.gov/MARC21/slim">

  <leader>01158naa a2200217 i 4500</leader>
  <controlfield tag="001">BPP</controlfield>
  <controlfield tag="003">BPK</controlfield>
  <controlfield tag="005">20160606135045.0</controlfield>
  <controlfield tag="008">151006s2004    pl     f     |000 0 pol</controlfield>
  <datafield tag="040" ind1=" " ind2=" ">
    <subfield code="c">BPK</subfield>
  </datafield>
  <datafield tag="080" ind1=" " ind2=" ">
    <subfield code="a">005.57</subfield>
  </datafield>
  <datafield tag="100" ind1=" " ind2=" ">
    <subfield code="a">TEREBECKI, Mariusz.</subfield>
    <subfield code="d">1996 - .</subfield>
    <subfield code="b">Politechnika Koszali&#x144;ska - Wydzia&#x142; Ekonomii i Zarz&#x105;dzania,</subfield>
    <subfield code="c">Katedra Metod Ilo&#x15B;ciowych - Zak&#x142;ad Ekonometrii </subfield>
  </datafield>
  <datafield tag="245" ind1=" " ind2=" ">
    <subfield code="a">Informatyczne wspomaganie w ma&#x142;ych przedsi&#x119;biorstwach taks&#xF3;wkowych jako alternatywa wzgl&#x119;dem rozbudowanych cyfrowych system&#xF3;w komunikacyjnych /</subfield>
    <subfield code="c">Mariusz Terebecki.</subfield>
  </datafield>
  <datafield tag="260" ind1=" " ind2=" ">
    <subfield code="c">2004.</subfield>
  </datafield>
  <datafield tag="500" ind1=" " ind2=" ">
    <subfield code="a">Dane z autopsji.</subfield>
  </datafield>
  <datafield tag="520" ind1=" " ind2=" ">
    <subfield code="a">Praca ma za zadanie pokaza&#x107;, i&#x17C; przy niewielkim nak&#x142;adzie koszt&#xF3;w mo&#x17C;na efektywnie zarz&#x105;dza&#x107; taborem taks&#xF3;wek na takim rynku, kt&#xF3;ry mo&#x17C;e nawet obs&#x142;ugiwa&#x107; polsk&#x105; "wie&#x15B;".</subfield>
  </datafield>
  <datafield tag="650" ind1=" " ind2=" ">
    <subfield code="a">Komunikacja wewn&#x119;trzna.</subfield>
  </datafield>
  <datafield tag="650" ind1=" " ind2="0">
    <subfield code="a">Zarz&#x105;dzanie.</subfield>
  </datafield>
  <datafield tag="773" ind1=" " ind2=" ">
    <subfield code="i">W :</subfield>
    <subfield code="t">Teoria i praktyka modelowania system&#xF3;w logistycznych. -</subfield>
    <subfield code="d">Koszalin : Wydaw. Uczelniane Politechniki Koszali&#x144;skiej, 2004. -</subfield>
    <subfield code="g">s. 442-450</subfield>
    <subfield code="k">Monografia Wydzia&#x142;u Ekonomii i Zarz&#x105;dzania / Politechnika Koszali&#x144;ska ; nr 99</subfield>
  </datafield>
  <datafield tag="942" ind1=" " ind2=" ">
    <subfield code="c">ART</subfield>
    <subfield code="2">UKD</subfield>
  </datafield>
  <datafield tag="999" ind1=" " ind2=" ">
    <subfield code="c">593</subfield>
    <subfield code="d">593</subfield>
  </datafield>
</record>
